Effectif Atalanta saison 25/26 - Statistiques

Statistiques générales
  • Ce quiz a été pris 18 fois
  • Le résultat moyen est 17 sur 25
Statistiques - réponses
Hint Réponse % Correct
MOC Charles De Ketelaere
100%
BU Gianluca Scamacca
92%
BU Ademola Lookman
85%
MD Davide Zappacosta
85%
G Marco Carnesecchi
85%
MDC Marten de Roon
85%
DC Berat Djimsiti
77%
MC Ederson
77%
DC Giorgio Scalvini
77%
DC Isak Hien
77%
DG Honest Ahanor
69%
BU Nikola Krstovic
69%
AG Kamaldeen Sulemana
62%
MC Mario Pasalic
62%
MG Nicola Zalewski
62%
MOC Daniel Maldini
54%
G Francesco Rossi
54%
MOC Lazar Samardzic
54%
G Marco Sportiello
54%
DG Mitchel Bakker
54%
MD Raoul Bellanova
54%
DC Sead Kolasinac
54%
MC Marco Brescianini
46%
DC Odilon Kossounou
46%
MC Yunus Musah
46%
Aucun quiz correspondant
Distribution des résultats
% des personnes avec chaque résultat
Percentile par nombre de réponses
Votre historique - résultats
Vous n’avez pas pris ce quiz